000 004780000a22001690004500
003 MACL
005 20160102154839.0
008 160102b xxu||||| |||| 00| 0 eng d
040 _aMACL
_cMACL
041 _aEnglish
082 _a741.642/KIN
100 _aKingsley, Charles
_927305
245 _aMadam How and Lady Why
_bFirst Lessons in Earth Lore For Children
260 _bMacmillan & Co Ltd
_c1907
_aLondon
650 _aChildrens Book
_97875
942 _cBK
_k741.642/KIN
_2ddc
999 _c39382
_d39382